000 01254nam0a22002531 4500
001 rc\4271494
005 20250611144522.0
021 _aRU
_bП985-65
035 _a(NLR Aleph) 008241482
090 _a8280178
_c8280178
100 _a20130416d1965 |||y0rusy50 ca
101 0 _arus
102 _aRU
105 _aa z |||||
200 1 _aБорьба с вертициллиозным и фузариозным вилтом хлопчатника в США
_e(Отчет сов. с.-х. делегации)
_fМ-во с. х. СССР. Упр. по изучению опыта и науч.-техн. сотрудничества с зарубежными странами. Всесоюз. ин-т науч.-техн. информации по сельск. хоз.
210 _aМосква
_cБ. и.
_d1965
215 _a82 с.
_cсхем.
_d20
225 1 _aСельскохозяйственная наука и практика за рубежом
_iНаучно-техническое сотрудничество СССР с зарубежными странами
_v№ 7
300 _aОтпеч. множит. аппаратом
801 0 _aRU
_bNLR
_gpsbo
801 1 _aRU
_bELAR
_2rusmarc
852 _aNLR
_jП13/1107
942 _cBOOK
980 _aNB